Consultation paper on a new Planning Policy Statement 15, Planning for the Historic Environment (Record no. 109901)

MARC details
000 -LEADER
fixed length control field 01655cad a22002655a 4500
001 - CONTROL NUMBER
control field E148134
008 - FIXED-LENGTH DATA ELEMENTS--GENERAL INFORMATION
fixed length control field 090804s2009 xxk f f000 0 eng d
020 ## - INTERNATIONAL STANDARD BOOK NUMBER
International Standard Book Number 9781409815792
035 ## - SYSTEM CONTROL NUMBER
System control number (Sirsi) u148134
041 0# - LANGUAGE CODE
Language code of text/sound track or separate title eng
050 04 - LIBRARY OF CONGRESS CALL NUMBER
Classification number 711.1 $2 18
110 2# - MAIN ENTRY--CORPORATE NAME
Corporate name or jurisdiction name as entry element United Kingdom
Subordinate unit Department for Communities and Local Government
9 (RLIN) 4939
245 00 - TITLE STATEMENT
Title Consultation paper on a new Planning Policy Statement 15, Planning for the Historic Environment
Medium [electronic resource]
260 ## - PUBLICATION, DISTRIBUTION, ETC.
Place of publication, distribution, etc. London
Name of publisher, distributor, etc. DCLG
Date of publication, distribution, etc. 2009
505 2# - FORMATTED CONTENTS NOTE
Formatted contents note Part 1: introduction: planning and the historic environment; heritage protection reform and rationale for the new PPS 5; planning reform; the draft PPS, format and underlying principles; supporting guidance; impact assessment -- Part 2: consultation process -- Part 3: about this consultation -- Part 4: consultation questions -- Annex A: planning for the historic environment -- Annex B: impact assessment
520 ## - SUMMARY, ETC.
Summary, etc. Seeks views on a proposed new planning policy statement (PPS) which will replace planning policy guidance notes 15 (Planning and the Historic Environment) and 16 (Archaeology and Planning). The new PPS will be supplemented by guidance from English Heritage.
520 ## - SUMMARY, ETC.
Summary, etc. Deadline for comments is 30 October 2009.
521 ## - TARGET AUDIENCE NOTE
Target audience note Advanced
590 ## - LOCAL NOTE (RLIN)
Local note KA NTK
651 #4 - SUBJECT ADDED ENTRY--GEOGRAPHIC NAME
Geographic name England
Chronological subdivision 886-
690 ## - LOCAL SUBJECT ADDED ENTRY--TOPICAL TERM (OCLC, RLIN)
Topical term or geographic name as entry element BUILT ENVIRONMENT-BUILDING TYPES-ANCIENT MONUMENTS AND HISTORIC BUILDINGS
690 ## - LOCAL SUBJECT ADDED ENTRY--TOPICAL TERM (OCLC, RLIN)
Topical term or geographic name as entry element Planning and development
9 (RLIN) 6259
856 40 - ELECTRONIC LOCATION AND ACCESS
Uniform Resource Identifier <a href="https://www.communities.gov.uk/publications/planningandbuilding/consultationhistoricpps">https://www.communities.gov.uk/publications/planningandbuilding/consultationhistoricpps</a>
Public note View the consultation free of charge at www.communities.gov.uk...
942 ## - ADDED ENTRY ELEMENTS (KOHA)
Suppress in OPAC 0
Holdings
Withdrawn status Lost status Source of classification or shelving scheme Damaged status Not for loan Home library Current library Shelving location Date acquired Total Checkouts Full call number Barcode Date last seen Copy number Price effective from Koha item type
    Dewey Decimal Classification     Virtual Virtual Online 04/08/2009   ONLINE PUBLICATION 148134-2001 06/08/2019 1 06/08/2019 Book